| 000 | 01205ncm a2200289 a 4500 | ||
|---|---|---|---|
| 999 |
_c365796 _d365796 |
||
| 003 | BLK | ||
| 005 | 20240425005336.0 | ||
| 008 | 180414b bul |a|er|||| |0| c|bulo| | ||
| 040 | _aBLK | ||
| 041 |
_aRUS _cRUS |
||
| 080 |
_aКларинет, баскларинет, басетхорн _b788.6 _z788.6 |
||
| 100 | 1 |
_aШостакович, Дмитрий Дмитриевич _d1906 - 1975 _gРуски композитор и пианист _eпърви автор _9144053 |
|
| 139 |
_aШостакович, Дмитрий Дмитриевич _bШ 87 |
||
| 245 | 1 | 0 |
_aОркестровые трудности для кларинета _bОтрывки из симфоний _cДмитрий Дмитриевич Шостакович; Состав. А. А. Александров. |
| 257 | _aRUS | ||
| 260 |
_bМузыка _c1964 _aМосква |
||
| 300 |
_a116 с. _c29 см |
||
| 380 | _a7 | ||
| 650 | 0 |
_aДуо - два кларинета _9403625 |
|
| 653 | _aкларинети | ||
| 653 | 7 |
_aинструментални дуети _9187701 |
|
| 852 | _aЦб М ІІ 3360 | ||
| 856 | 4 |
_qpdf _u |
|
| 856 | 4 |
_qpdf _u |
|
| 942 |
_cNOT _n0 _s1 _03 |
||
| 944 |
_aCR _c2020-06-02 _k _lCRON CRON |
||